Top 10 Most Average Countries - Statistics

General Stats
  • This quiz has been taken 20 times
  • The average score is 6 of 10
Answer Stats
Most Similar Country Country % Correct
Ecuador Peru
95%
Colombia Brazil
84%
North Macedonia Albania
79%
Montenegro Bosnia and Herzegovina
63%
Bosnia and Herzegovina Montenegro
63%
Moldova Romania
63%
Ecuador Colombia
47%
Colombia Mexico
47%
Azerbaijan Turkey
47%
Panama Dominican Republic
21%
No matching quizzes found
Score Distribution
Percent of People with Each Score
Percentile by Number Answered
Your Score History
You have not taken this quiz